<?xml version="1.0" encoding="UTF-8"?>
<collection xmlns="http://www.loc.gov/MARC21/slim">
 <record>
  <leader>01370nam a2200205 a 4500</leader>
  <controlfield tag="001">1/54827</controlfield>
  <controlfield tag="008">220104u2016    gr            000 | gre d</controlfield>
  <datafield tag="040" ind1=" " ind2=" ">
   <subfield code="a">GR-PeUP</subfield>
  </datafield>
  <datafield tag="082" ind1="0" ind2="0">
   <subfield code="a">241 ΡΙΖ</subfield>
  </datafield>
  <datafield tag="100" ind1="1" ind2=" ">
   <subfield code="a">Ριζούλης, Δημήτρης.</subfield>
  </datafield>
  <datafield tag="245" ind1="0" ind2="0">
   <subfield code="a">Έτσι θα βγούμε από την κρίση! :</subfield>
   <subfield code="b">ένας χριστιανικός οδηγός ζωής στα χρόνια των μνημονίων : όσα είπαν ο Χριστός και οι άγιοι για το χρήμα, τους δανειστές, τις τράπεζες, τα χρέη και τους ανάξιους ηγέτες /</subfield>
   <subfield code="c">Δημήτρης Ριζούλης.</subfield>
  </datafield>
  <datafield tag="260" ind1=" " ind2=" ">
   <subfield code="a">Αθήνα : </subfield>
   <subfield code="b">Όμιλος Δημοκρατικός Τύπος, </subfield>
   <subfield code="c">[2016].</subfield>
  </datafield>
  <datafield tag="300" ind1=" " ind2=" ">
   <subfield code="a">143 σ. :</subfield>
   <subfield code="b">εικ. ;</subfield>
   <subfield code="c">23 εκ.</subfield>
  </datafield>
  <datafield tag="500" ind1=" " ind2=" ">
   <subfield code="a">Εκδόθηκε από την εφημερίδα Κυριακάτικη Δημοκρατία.</subfield>
  </datafield>
  <datafield tag="650" ind1=" " ind2="0">
   <subfield code="a">Economic crises</subfield>
   <subfield code="z">Greece</subfield>
   <subfield code="x">Religious views</subfield>
   <subfield code="x">Christianity.</subfield>
  </datafield>
  <datafield tag="650" ind1=" " ind2="0">
   <subfield code="a">Wealth</subfield>
   <subfield code="x">Religious aspects</subfield>
   <subfield code="x">Christianity.</subfield>
  </datafield>
  <datafield tag="650" ind1=" " ind2="4">
   <subfield code="a">Πλούτος</subfield>
   <subfield code="x">Θρησκευτικές απόψεις</subfield>
   <subfield code="x">Χριστιανισμός.</subfield>
  </datafield>
  <datafield tag="650" ind1=" " ind2="4">
   <subfield code="a">Οικονομικές κρίσεις</subfield>
   <subfield code="z">Ελλάδα</subfield>
   <subfield code="x">Θρησκευτικές απόψεις  </subfield>
   <subfield code="x">Χριστιανισμός.</subfield>
  </datafield>
  <datafield tag="852" ind1=" " ind2=" ">
   <subfield code="a">INST</subfield>
   <subfield code="b">UNIPILB</subfield>
   <subfield code="c">MAIN</subfield>
   <subfield code="e">20220104</subfield>
   <subfield code="h">241 ΡΙΖ</subfield>
   <subfield code="p">00187016</subfield>
   <subfield code="q">00187016</subfield>
   <subfield code="t">LOAN</subfield>
   <subfield code="y">0</subfield>
   <subfield code="4">1</subfield>
  </datafield>
  <datafield tag="960" ind1=" " ind2=" ">
   <subfield code="a">ΑΛΜΠΑΝΗ ΤΑΝΙΑ</subfield>
  </datafield>
 </record>
</collection>
